ბათუმის შოთა რუსთაველის სახელმწიფო უნივერსიტეტის ბიბლიოთეკა

ქართველი მწერლები შოთა რუსთაველს (ბიბ.ჩანაწერი № 43690)

000 -LEADER
fixed length control field 00834nam a2200181Ia 4500
001 - CONTROL NUMBER
control field 10430
003 - CONTROL NUMBER IDENTIFIER
control field GE_BSU
008 - FIXED-LENGTH DATA ELEMENTS--GENERAL INFORMATION
fixed length control field 181216s||||||||xx |||||||||||||| ||und||
040 ## - CATALOGING SOURCE
Transcribing agency GE_BSU
245 ## - TITLE STATEMENT
Title ქართველი მწერლები შოთა რუსთაველს
245 ## - TITLE STATEMENT
Statement of responsibility, etc. სარედ.კოლ:გრიგოლ აბაშიძე,რევაზ მარგიანი,გიორგი ნატროშვილი და სხვ. მხატვ:ირაკლი ჯანაშვილი.
260 ## - PUBLICATION, DISTRIBUTION, ETC.
Place of publication, distribution, etc. თბილისი
260 ## - PUBLICATION, DISTRIBUTION, ETC.
Name of publisher, distributor, etc. ლიტერატურა და ხელოვნება
260 ## - PUBLICATION, DISTRIBUTION, ETC.
Date of publication, distribution, etc. 1966
300 ## - PHYSICAL DESCRIPTION
Extent 462გვ;22სმ.
653 ## - INDEX TERM--UNCONTROLLED
Uncontrolled term ქართველი მწერლები შოთა რუსთაველს
942 ## - ADDED ENTRY ELEMENTS (KOHA)
Koha item type წიგნი
ეგზემპლარები
Withdrawn status Lost status Damaged status Not for loan Date acquired Barcode Date last seen Price effective from Koha item type
        2018-12-17 34165 2018-12-17 2018-12-17 წიგნი